| 000 | 00464nam a2200205Ia 4500 | ||
|---|---|---|---|
| 001 | 12783 | ||
| 003 | GE_BSU | ||
| 008 | 181216s||||||||xx |||||||||||||| ||und|| | ||
| 020 | _a0006490336 | ||
| 040 | _cGE_BSU | ||
| 080 | _a821.111-32.1 | ||
| 100 | _aSeymoor,Gerald. | ||
| 245 | 4 | _aThe Heart of Danger. | |
| 260 | _aLondon. | ||
| 260 | _bHarper Collins Publishers. | ||
| 260 | _c1995 | ||
| 300 | _a505p;18cm. | ||
| 653 | _aThe Heart of Danger. | ||
| 942 | _cBK | ||
| 999 |
_c45954 _d45954 |
||